LEADER 01561nam a2200469 i 4500 001 991001055069707536 005 20020507182401.0 008 950906s1994 de ||| | eng 020 $a3110141787 035 $ab10794669-39ule_inst 035 $aLE01306330$9ExL 040 $aDip.to Matematica$beng 082 0 $a511.42 084 $aAMS 41-02 084 $aAMS 41A10 084 $aAMS 41A25 084 $aAMS 41A35 084 $aAMS 41A36 084 $aAMS 41A63 084 $aAMS 41A65 084 $aAMS 42A10 084 $aAMS 46A55 084 $aAMS 46E15 084 $aAMS 46E27 084 $aAMS 47A58 084 $aAMS 47B38 084 $aAMS 47B65 084 $aQA221.K68 100 1 $aAltomare, Francesco$060983 245 10$aKorovkin-type approximation theory and its applications /$cFrancesco Altomare, Michele Campiti 260 $aBerlin ; New York :$bWalter de Gruyter,$c1994 300 $axi, 627 p. ;$c25 cm. 490 0 $aDe Gruyter studies in mathematics ;$v17 500 $aIncludes bibliographical references and index 650 4$aApproximation theory 700 1 $aCampiti, Michele$eauthor$4http://id.loc.gov/vocabulary/relators/aut$060984 907 $a.b10794669$b23-02-17$c28-06-02 912 $a991001055069707536 945 $aLE013 41-XX ALT11 (1994)$g1$i2013000036366$lle013$o-$pE0.00$q-$rl$s- $t0$u10$v4$w10$x0$y.i10895930$z28-06-02 996 $aKorovkin-type approximation theory and its applications$91422250 997 $aUNISALENTO 998 $ale013$b01-01-95$cm$da $e-$feng$gde $h0$i1 LEADER 04163nam 2200685 a 450 001 9911020162503321 005 20200520144314.0 010 $a9786613618948 010 $a9781280589119 010 $a1280589116 010 $a9780470719046 010 $a0470719044 010 $a9780470716519 010 $a0470716517 035 $a(CKB)1000000000687615 035 $a(EBL)703750 035 $a(SSID)ssj0000715205 035 $a(PQKBManifestationID)11413550 035 $a(PQKBTitleCode)TC0000715205 035 $a(PQKBWorkID)10700746 035 $a(PQKB)10034168 035 $a(MiAaPQ)EBC703750 035 $a(OCoLC)264615366 035 $a(Perlego)2761685 035 $a(EXLCZ)991000000000687615 100 $a20770831d1957 uy 0 101 0 $aeng 135 $aur|n|---||||| 181 $ctxt 182 $cc 183 $acr 200 10$aHormones in blood /$feditors for the Ciba Foundation, G.E.W. Wolstenholme and Elaine C.P. Millar 210 $aBoston $cLittle, Brown and Co.$d[1957] 215 $a1 online resource (430 p.) 225 1 $aCiba Foundation colloquia on endocrinology ;$vv. 11 300 $aDescription based upon print version of record. 311 08$a9780470722473 311 08$a0470722479 320 $aIncludes bibliographical references and indexes. 327 $aCIBA FOUNDATION COLLOQUIA ON ENDOCRINOLOGY VOLUME II; CONTENTS; Chairman's opening remarks; The state and concentration of the neurohypophysial hormones in the blood; Discussion; Some general principles in the bioassay of anterior pituitary and placental hormones in blood with special reference to clinical problems; Discussion; Inhibition of thyrotrophic activity with acetylated thyrotrophic hormone preparations; Discussion; The concentration of thyrotrophic hormone in the blood of the rabbit under different experimental conditions; Discussion; General Discussion 327 $aThyroid hormones in the blood Disussion; Iodine in blood; Discussion; Insulin in Blood; Discussion; Factors influencing the level of ACTH in the blood; Experiments on the level of blood corticotrophin with particular reference to scurvy; Discussion; Corticosteroid-releasing activity in blood; Discussion; Morphological changes in the adrenal cortex in relation to concentration of steroids in adrenal vein blood; Discussion; General Discussion; Extra-adrenal factors affecting the levels of 17-hydroxy-corticosteroids in plasma; Discussion 327 $aCirculating steroid hormone levels in relation to steroid hormone production Discussion; Studies on the steroids of human peripheral blood; Discussion; The physicochemical state of cortisol in blood; Discussion; Steroid interaction in the in vitro biosynthesis of steroid protein complexes; Discussion; The use of [16-3H] aldosterone in studies on human peripheral blood; Discussion; Short Communication; The determination of plasma oestrogen levels in late pregnancy; General Discussion; Metabolism and placental transmission of cortisol during pregnancy, near term; Discussion 327 $aProgesterone and related steroids in the blood of domestic animals Discussion; Catechol hormones in blood; Discussion; General Discussion 330 8 $aThe Novartis Foundation Series is a popular collection of the proceedings from Novartis Foundation Symposia, in which groups of leading scientists from a range of topics across biology, chemistry and medicine assembled to present papers and discuss results. The Novartis Foundation, originally known as the Ciba Foundation, is well known to scientists and clinicians around the world. 410 0$aCiba Foundation colloquia on endocrinology ;$vv. 11. 606 $aHormones$vCongresses 606 $aBlood$xAnalysis$vCongresses 615 0$aHormones 615 0$aBlood$xAnalysis 676 $a612.405 676 $a612/.405 701 $aMillar$b Elaine C. P$0857126 701 $aWolstenholme$b G. E. W$g(Gordon Ethelbert Ward)$063039 801 0$bMiAaPQ 801 1$bMiAaPQ 801 2$bMiAaPQ 906 $aBOOK 912 $a9911020162503321 996 $aHormones in blood$93004927 997 $aUNINA